La Farsalia / (Record no. 158190)

MARC details
000 -LEADER
campo de control de longitud fija 01406nam a2200277 i 4500
001 - NÚMERO DE CONTROL
campo de control 158190
003 - IDENTIFICADOR DE NÚMERO DE CONTROL
campo de control ES-MaACL
005 - FECHA Y HORA DE LA ÚLTIMA TRANSACCIÓN
campo de control 20250916194327.0
008 - DATOS DE LONGITUD FIJA--INFORMACIÓN GENERAL
campo de control de longitud fija 940301s1888 sp |||| | spa d
080 ## - NÚMERO DE LA CLASIFICACIÓN DECIMAL UNIVERSAL
Número de la Clasificación Decimal Universal 821.124-13"00"
100 1# - ENTRADA PRINCIPAL--NOMBRE DE PERSONA
Nombre de persona Lucano, Marco Anneo.
9 (RLIN) 74517
245 13 - MENCIÓN DEL TÍTULO
Título La Farsalia /
Mención de responsabilidad, etc. por Marco Anneo Lucano ; versión castellana de D. Juan de Jáuregui ; precedida de un discurso de Emilio Castelar.
260 ## - PUBLICACIÓN, DISTRIBUCIÓN, ETC.
Lugar de publicación, distribución, etc. Madrid :
Nombre del editor, distribuidor, etc. Librería de la Viuda de Hernando y Cª,
Fecha de publicación, distribución, etc. 1888 (
Fabricante Est. Tip. "Sucesores de Rivadeneyra")
300 ## - DESCRIPCIÓN FÍSICA
Extensión 2 v. (XXXVII, 335 p. ; 400 p.) ;
Dimensiones 19 cm.
490 1# - MENCIÓN DE SERIE
Mención de serie Biblioteca clásica ;
Designación de volumen o secuencia 113-114
505 8# - NOTA DE CONTENIDO CON FORMATO
Nota de contenido con formato Contiene: I. Lucano: su vida, su genio, su poema: discurso leído en la Universidad Central / Emilio Castelar . Libro I-Libro XI -- II. Libro XII-Libro XX . Apéndice I. Apéndice II: Aminta: fábula pastoral / de Torcuato Tasso ; traducida por D. Juan de Jáuregui
530 ## - NOTA DISPONIBLE DE FORMULARIO FÍSICO ADICIONAL
Nota de formato físico adicional disponible Disponible en formato digital.
700 1# - ENTRADA AGREGADA--NOMBRE PERSONAL
Nombre de persona Jáuregui, Juan de,
Fechas asociadas al nombre 1583-1641
9 (RLIN) 66187
700 1# - ENTRADA AGREGADA--NOMBRE PERSONAL
Nombre de persona Castelar, Emilio,
Fechas asociadas al nombre 1832-1899
9 (RLIN) 36479
700 1# - ENTRADA AGREGADA--NOMBRE PERSONAL
Nombre de persona Tasso, Torquato (
Fechas asociadas al nombre 1544-1595)
9 (RLIN) 109373
740 02 - ENTRADA AGREGADA--TÍTULO RELACIONADO/ANALÍTICO NO CONTROLADO
Título relacionado o analítico no controlado Aminta: fábula pastoral.
830 1# - PUNTO DE ACCESO ADICIONAL DE SERIE-TÍTULO UNIFORME
Título uniforme Biblioteca clásica ;
Designación de volumen o secuencia 113-114
9 (RLIN) 180370
852 ## - LOCALIZACIÓN
Ubicación ES-MaACL
Número de control de estantería F-13123-24
Nota libre - Enc. tela
856 ## - LOCALIZACIÓN Y ACCESO ELECTRÓNICOS
Identificador Uniforme de Recursos <a href="http://bdh-rd.bne.es/viewer.vm?id=0000041132&page=1 ">http://bdh-rd.bne.es/viewer.vm?id=0000041132&page=1 </a>
Nota pública Biblioteca Digital Hispánica
Holdings
Estatus retirado Estado de pérdida Estado de daño No para préstamo Colección Biblioteca de origen Biblioteca actual Ubicación en estantería Fecha de adquisición Total de préstamos Signatura topográfica completa Código de barras Visto por última vez Precio de reemplazo Tipo de ítem Koha
        Colección digital Biblioteca del Ateneo de Madrid Biblioteca del Ateneo de Madrid Sala Pecera Planta 2 17/01/2008   F-13123-24 1165563 23/02/2023 23/02/2023 Libro impreso antiguo